|
|
|
|
| LEADER |
01377nam a2200373Ia 4500 |
| 001 |
EBC1114004 |
| 003 |
MiAaPQ |
| 005 |
20200520144314.0 |
| 006 |
m o d | |
| 007 |
cr cn||||||||| |
| 008 |
111102s2013 flu s 000 0 eng d |
| 020 |
|
|
|z 9781420094251
|
| 020 |
|
|
|z 9781420094268
|
| 035 |
|
|
|a (MiAaPQ)EBC1114004
|
| 035 |
|
|
|a (Au-PeEL)EBL1114004
|
| 035 |
|
|
|a (CaPaEBR)ebr10648164
|
| 035 |
|
|
|a (CaONFJC)MIL692472
|
| 035 |
|
|
|a (OCoLC)827209696
|
| 040 |
|
|
|a MiAaPQ
|c MiAaPQ
|d MiAaPQ
|
| 050 |
|
4 |
|a HD69.P75
|b B33 2013
|
| 082 |
0 |
4 |
|a 622.338068
|2 23
|
| 100 |
1 |
|
|a Badiru, Adedeji Bodunde,
|d 1952-
|
| 245 |
1 |
0 |
|a Project management for the oil and gas industry
|h [electronic resource] :
|b a world system approach /
|c Adedeji B. Badiru, Samuel O. Osisanya.
|
| 260 |
|
|
|a Boca Raton :
|b CRC Press,
|c 2013.
|
| 300 |
|
|
|a xxi, 735 p.
|
| 490 |
0 |
|
|a Industrial innovation series
|
| 533 |
|
|
|a Electronic reproduction. Ann Arbor, MI : ProQuest, 2015. Available via World Wide Web. Access may be limited to ProQuest affiliated libraries.
|
| 650 |
|
0 |
|a Project management.
|
| 650 |
|
0 |
|a Oil industries
|x Management.
|
| 650 |
|
0 |
|a Gas industry
|x Management.
|
| 655 |
|
4 |
|a Electronic books.
|
| 700 |
1 |
|
|a Osisanya, Samuel Olusola,
|d 1951-
|
| 710 |
2 |
|
|a ProQuest (Firm)
|
| 856 |
4 |
0 |
|u https://ebookcentral.proquest.com/lib/matrademy/detail.action?docID=1114004
|z Click to View
|